The politics of cultural sub-nationalism in Africa

Saved in:
Bibliographic Details
Other Authors: Olorunsola, Victor A., 1939- (Editor)
Format: Book
Language:English
Published: Garden City, New York : Anchor Books, 1972.
Subjects:
Tags: Add Tag
No Tags, Be the first to tag this record!

MARC

LEADER 00000cam a2200000 a 4500
001 1/121214
008 200408s1972####nyu||||||| |||| ||eng||
040 |a GR-MyUa  |b gre  |c GR-MyUa  |e AACR2 
041 0 |a eng 
082 7 |a 320.54096  |2 (23) 
245 0 4 |a The politics of cultural sub-nationalism in Africa /   |c edited by Victor A. Olorunsola.  
260 |a Garden City, New York :   |b Anchor Books,   |c 1972.  
300 |a xvii, 340 σ. ;   |c 18 εκ.  
650 0 |a Nationalism  |z Africa. 
651 0 |a Africa  |x Politics and government. 
651 0 |a Africa  |x Social conditions. 
651 0 |a Africa  |x Social conditions  |y 20th century. 
700 1 |a Olorunsola, Victor A.,   |d 1939-  |e edt 
852 |a INST  |b LESVOS  |e 20200408  |h 320.54096 POL  |p 005100062522  |q 005100062522  |t BK  |y 0 
920 |a Φατούρος Α.-Φραγκουδάκη Α.   |y Λέσβος  |z 2012 
970 |a Δημάκη  |b Μαρία  |z 08-04-2020